|
|
|
|
| LEADER |
00000nam0a2200000 4500 |
| 001 |
32071 |
| 005 |
20231030204729.0 |
| 010 |
|
|
|a 5247024400
|
| 035 |
|
|
|a (RuTPU)RU\TPU\book\32366
|
| 035 |
|
|
|a BOOK00000445
|
| 090 |
|
|
|a 32071
|
| 100 |
|
|
|a 20011210d1992 k y0rusy50 ca
|
| 101 |
0 |
|
|a rus
|
| 102 |
|
|
|a RU
|
| 105 |
|
|
|a a z 001zy
|
| 200 |
1 |
|
|a Плазменные системы газоперекачивающих агрегатов
|f Г. Ф. Романовский, И. Б. Матвеев, С. И. Сербин
|
| 210 |
|
|
|a СПб.
|c Недра
|d 1992
|
| 215 |
|
|
|a 141 с.
|c ил.
|
| 320 |
|
|
|a Библиогр.: с. 137-141.
|
| 610 |
1 |
|
|a горное дело
|
| 610 |
1 |
|
|a газопроводы
|
| 610 |
1 |
|
|a двигатели газотурбинные
|
| 610 |
1 |
|
|a газоперекачивающие агрегаты
|
| 610 |
1 |
|
|a топливо
|
| 610 |
1 |
|
|a воспламенение плазменное
|
| 610 |
1 |
|
|a эксплуатация
|
| 675 |
|
|
|a 622.691.4.052
|v 3
|
| 700 |
|
1 |
|a Романовский
|b Г. Ф.
|g Георгий Федорович
|
| 701 |
|
1 |
|a Матвеев
|b И. Б.
|g Игорь Борисович
|
| 701 |
|
1 |
|a Сербин
|b С. И.
|g Сергей Иванович
|
| 801 |
|
0 |
|a RU
|b 63413507
|c 20011210
|g PSBO
|
| 801 |
|
2 |
|a RU
|b 63413507
|c 20071029
|g PSBO
|
| 942 |
|
|
|c BK
|